000 00419cam a22001217a 4500
008 180718b2017 xxu||||| |||| 00| 0 eng d
082 _aL906x5442 E
100 _aGovernment of Maharashtra
245 _aEpitome of comptroller and auditor general of India's reports on the government of Maharashtra
260 _aMumbai
_bGovernment of Maharasthra
_c2017
300 _a53p.
700 _aPrincipal Accontant General (Audit)
999 _c503641
_d503641